000 00219 a2200097 4500
001 42169
100 _aLothian A C
245 _aA Handbook for Travelers in India
260 _a
_bJohn Murray
_c
090 _c26158
_d26158
942 _aNUST-CAE
_cM
_c17956
999 _c277242
_d277242